[Event "Kemp & Lauritzen Chess 2015"]
[Site "Fredericia"]
[Date "2015.05.08"]
[Round "5.11"]
[White "Rewitz, FM Poul"]
[Black "Bønnelykke, Ole"]
[Result "0-1"]
[LiveChessVersion "1.4.2"]
[BlackElo "2105"]
[WhiteElo "2272"]

1. c3 {[%clk 1:59:51]} b6 {[%clk 1:57:53]} 2. d4 {[%clk 1:59:29]} Bb7
{[%clk 1:57:41]} 3. f3 {[%clk 1:59:05]} f5 {[%clk 1:56:47]} 4. Nh3
{[%clk 1:57:47]} e6 {[%clk 1:54:25]} 5. Nf2 {[%clk 1:56:18]} Nf6 {[%clk 1:49:50]}
6. g3 {[%clk 1:55:19]} Be7 {[%clk 1:44:56]} 7. Bg2 {[%clk 1:55:06]} d6
{[%clk 1:39:02]} 8. O-O {[%clk 1:54:21]} Qd7 {[%clk 1:34:56]} 9. e4
{[%clk 1:53:24]} Nc6 {[%clk 1:31:51]} 10. a4 {[%clk 1:50:43]} O-O
{[%clk 1:25:38]} 11. b4 {[%clk 1:49:30]} Rad8 {[%clk 1:23:57]} 12. a5
{[%clk 1:47:58]} b5 {[%clk 1:16:50]} 13. a6 {[%clk 1:34:43]} Bc8 {[%clk 1:13:38]}
14. Qe2 {[%clk 1:34:23]} Nb8 {[%clk 1:12:18]} 15. Ra5 {[%clk 1:33:25]} c6
{[%clk 1:07:58]} 16. Qa2 {[%clk 1:30:48]} Kh8 {[%clk 1:06:14]} 17. Be3
{[%clk 1:29:25]} Rde8 {[%clk 1:04:42]} 18. Nd2 {[%clk 1:27:53]} Bd8
{[%clk 1:03:39]} 19. Ra3 {[%clk 1:27:26]} Bb6 {[%clk 1:02:54]} 20. Rd1
{[%clk 1:20:16]} Qe7 {[%clk 0:59:56]} 21. Nf1 {[%clk 1:15:43]} Nh5
{[%clk 0:52:41]} 22. Nd3 {[%clk 1:03:28]} fxe4 {[%clk 0:48:54]} 23. fxe4
{[%clk 1:02:02]} e5 {[%clk 0:48:18]} 24. Nf2 {[%clk 1:00:04]} c5 {[%clk 0:43:14]}
25. Qe2 {[%clk 0:49:32]} exd4 {[%clk 0:40:16]} 26. cxd4 {[%clk 0:48:03]} cxb4
{[%clk 0:39:40]} 27. Raa1 {[%clk 0:46:47]} Nf6 {[%clk 0:36:38]} 28. Qxb5
{[%clk 0:41:18]} Ng4 {[%clk 0:35:08]} 29. Nxg4 {[%clk 0:38:36]} Bxg4
{[%clk 0:35:01]} 30. Re1 {[%clk 0:37:19]} Bf3 {[%clk 0:33:05]} 31. Nd2
{[%clk 0:34:52]} Bxg2 {[%clk 0:30:18]} 32. Kxg2 {[%clk 0:34:44]} Nd7
{[%clk 0:24:44]} 33. Qxb4 {[%clk 0:31:39]} Qe6 {[%clk 0:21:11]} 34. Qb5
{[%clk 0:25:10]} h6 {[%clk 0:15:40]} 35. h3 {[%clk 0:13:02]} Rf6 {[%clk 0:13:15]}
36. Rf1 {[%clk 0:12:27]} Ref8 {[%clk 0:12:17]} 37. Rxf6 {[%clk 0:11:38]} Nxf6
{[%clk 0:11:09]} 38. Rf1 {[%clk 0:10:43]} Re8 {[%clk 0:09:22]} 39. Rxf6
{[%clk 0:06:02]} gxf6 {[%clk 0:08:48]} 40. Qh5 {[%clk 0:05:17]} f5
{[%clk 0:02:03]} 41. d5 {[%clk 0:04:44]} Qd7 {[%clk 0:00:51]} 42. Qxh6+
{[%clk 0:03:57]} Kg8 {[%clk 0:27:16]} 43. Qg6+ {[%clk 0:33:18]} Kh8
{[%clk 0:26:43]} 44. Qh5+ {[%clk 0:31:19]} Kg8 {[%clk 0:25:50]} 45. Bxb6
{[%clk 0:30:06]} axb6 {[%clk 0:25:38]} 46. exf5 {[%clk 0:28:05]} Qe7
{[%clk 0:24:24]} 47. a7 {[%clk 0:26:33]} Ra8 {[%clk 0:23:32]} 48. Qg4+
{[%clk 0:23:12]} Kf8 {[%clk 0:22:28]} 49. h4 {[%clk 0:19:15]} Rxa7
{[%clk 0:21:29]} 50. Qf4 {[%clk 0:17:48]} b5 {[%clk 0:17:27]} 51. Ne4
{[%clk 0:16:19]} b4 {[%clk 0:14:44]} 52. Qh6+ {[%clk 0:13:03]} Ke8
{[%clk 0:13:30]} 53. Qg6+ {[%clk 0:12:45]} Kd7 {[%clk 0:12:10]} 54. f6
{[%clk 0:12:14]} Qe5 {[%clk 0:11:23]} 55. f7 {[%clk 0:10:21]} Ra8
{[%clk 0:10:11]} 56. Nf6+ {[%clk 0:09:28]} Ke7 {[%clk 0:08:55]} 57. Qg7
{[%clk 0:04:41]} Ra2+ {[%clk 0:06:55]} 58. Kf3 {[%clk 0:04:28]} Qf5+
{[%clk 0:06:19]} 59. Ke3 {[%clk 0:04:24]} Ra3+ {[%clk 0:05:28]} 0-1